000 00263nam a22001097a 4500
008 140206t xxu||||| |||| 00| 0 eng d
020 _a978-81-8030-209-1
100 _aS.K. Singh
_9645
245 _aA textbook of Molecular Genetics
300 4 _a419
942 _2ddc
_cBK
999 _c16907
_d16907